| 000 | 00548nam a2200193 a 4500 | ||
|---|---|---|---|
| 005 | 20210223122025.0 | ||
| 008 | 991125s1994 mx 000 0 spa u | ||
| 020 | _a9684940599 | ||
| 035 | _aUPN01000028086 | ||
| 049 | _aI | ||
| 050 | 4 |
_aPZ81 _aA5.4 |
|
| 100 | 1 | _aAndrade, Eugenio de | |
| 245 | 1 | 0 |
_aHistoria de la yegua blanca / _cEugenio de Andrade ; il. Martha Avilés. |
| 260 |
_aMéxico : _bCIDCLI : _bCNCA, _c1994. |
||
| 300 |
_a23 p. : _bil. |
||
| 440 | 0 | _aEn cuento | |
| 650 | 4 |
_aCUENTOS INFANTILES PORTUGUESES _913079 |
|
| 905 | _aInfantil | ||
| 999 |
_c28086 _d28086 |
||